000
00277nam a22001217a 4500
008
170505b xxu||||| |||| 00| 0 eng d
041
_a
eng
080
_2
3 ED
_a
34
100
_a
14
101
_a
SHJ
245
_a
TORTS CASES AND PROBLEMS
_c
VANDAL.F.J
942
_2
udc
_c
BK
999
_c
12755
_d
12755